| 000 -ლიდერი |
| ფიქსირებული სიგრძის საკონტროლო ველი |
01284nam a2200253Ia 4500 |
| 001 - საკონტროლო ნომერი |
| საკონტროლო ველი |
11818 |
| 003 - საკონტროლო ნომრის იდენტიფიკატორი |
| საკონტროლო ველი |
GE_BSU |
| 005 - ბოლო ოპერაციის თარიღი და დრო |
| საკონტროლო ველი |
20240619155741.0 |
| 008 - ფიქსირებული სიგრძის მონაცემთა ელემენტები - ზოგადი ინფორმაცია |
| ფიქსირებული სიგრძის საკონტროლო ველი |
181216s2014||||ge |||||||||||||| ||geo|| |
| 020 ## - წიგნის საერთაშორისო სტანდარტული ნომერი |
| International Standard Book Number |
9789994021253 |
| 040 ## - კატალოგიზაციის წყარო |
| Transcribing agency |
GE_BSU |
| 041 ## - ენის კოდი |
| Language code of text/sound track or separate title |
geo |
| 080 ## - უნივერსალური ათობითი კლასიფიკაციის ინდექსი |
| Universal Decimal Classification number |
371.12(479.223)(092) ა-96 |
| 100 ## - მთავარი ჩანაწერი - პიროვნების სახელი |
| Personal name |
ახალაძე, ნანა |
| 9 (RLIN) |
3028 |
| 245 ## - ცნობა სათაურის შესახებ |
| Title |
არ დაეკარგვის ამაგი : II ნაწ. : |
| Remainder of title |
[ბიოგრაფიული მონაცემები] / |
| Statement of responsibility, etc |
ნანა ახალაძე ; რედ. აკაკი ზოსიძე ; საქ. ი. გოგებაშვილის პედაგოგთა კავშირი. |
| 264 ## - წარმოების, გამოცემის, დისტრიბუციის და სხვა ცნობები |
| გამოცემის, წარმოების, დისტრიბუციის... ადგილი |
ბათუმი : |
| გამოცემის, წარმოების, დისტრიბუციის... სახელწოდება |
აჭარა, |
| გამოცემის, წარმოების, დისტრიბუციის... თარიღი |
2014. |
| 300 ## - ფიზიკური აღწერა |
| Extent |
519 გვ. ; |
| Dimensions |
20 სმ. |
| Accompanying material |
ფოტოები. |
| 504 ## - BIBLIOGRAPHY, ETC. NOTE |
| Bibliography, etc |
ბიბლიოგრ. : გვ. 516 |
| 653 ## - INDEX TERM--UNCONTROLLED |
| Uncontrolled term |
არ დაეკარგვის ამაგი : IIნაწ. |
| 653 ## - INDEX TERM--UNCONTROLLED |
| Uncontrolled term |
[ბიოგრაფიული მონაცემები] |
| 700 ## - ADDED ENTRY--PERSONAL NAME |
| Personal name |
ზოიძე, აკაკი |
| Relator term |
რედაქტორი |
| 9 (RLIN) |
2060 |
| 710 ## - ADDED ENTRY--CORPORATE NAME |
| Corporate name or jurisdiction name as entry element |
საქ. ი. გოგებაშვილის პედაგოგთა კავშირი |
| 9 (RLIN) |
22500 |
| 942 ## - ADDED ENTRY ELEMENTS (KOHA) |
| Koha item type |
წიგნი |
| Source of classification or shelving scheme |
|